000 00472nam a2200169 a 4500
001 000040051
005 20201002033905.0
008 130805s1999 gt 000 0 spa d
020 _a9992242043
040 _aDO-SdBNP
_bspa
_cBNPHU
082 _axxx
_bO48a
100 1 _aOliva, Roberto
_966305
245 1 0 _aAjusticiado /
_cRoberto Oliva.
260 _aGuatemala :
_bNueva Narrativa,
_bLetra Negra,
_c1999.
300 _a147 p. ;
_c19 cm.
590 _aInventariado, 2019/ YL
999 _c39541
_d39541